000 00686nam a2200289Ia 4500
005 20260324121825.0
008 008 260324s9999 xx 000 0 eng d
020 _a9780203770283
037 _aEBOOK
040 _aCRL
040 _beng
040 _cCRL
041 _2eng
041 _aeng
084 _qCRL
100 _aPeg Rawes
_91164015
245 0 _aRelational Architectural Ecologies
245 0 _bArchitecture, Nature and Subjectivity
260 _bTaylor and Francis
260 _c2013
365 _a
365 _b255
856 _uhttp://www.taylorfrancis.com/books/9780203770283
942 _cEBOOK
999 _c1756346
_d1756346